Guess the lyrics (#33) - Statistics

General Stats
  • This quiz has been taken 200 times
  • The average score is 74 of 229
Answer Stats
Answer % Correct
I
99%
A
95%
a
95%
The
87%
the
87%
ya
84%
you
84%
An
82%
and
76%
on
75%
in
73%
your
65%
of
61%
not
52%
were
49%
at
44%
day
43%
up
42%
from
39%
out
39%
with
39%
down
38%
girl
38%
time
37%
say
35%
going
31%
la la la la la la
31%
baby
26%
about
23%
Two
22%
bad
21%
car
21%
That's
20%
that's
20%
tomcat
20%
away
19%
light
18%
Days
17%
tell
17%
black
16%
cry
15%
dog
14%
far
12%
morning
10%
thinking
10%
dreams
9%
Getting
9%
rain
9%
slow
9%
train
9%
Waking
9%
cold
8%
lovers
8%
midnight
8%
scream
7%
tea
7%
entertainment
6%
hot
6%
news
6%
6am
5%
kick
5%
kissing
5%
Lights
5%
police
5%
seat
5%
stray
5%
band
4%
cool
4%
howling
4%
phone
4%
Watching
4%
wishing
4%
balls
3%
booth
3%
electric
3%
glass
3%
missing
3%
park
3%
Reading
3%
ripped
3%
screaming
3%
siren
3%
solitude
3%
speed
3%
tranquility
3%
walls
3%
Wednesday
3%
affairs
2%
blinking
2%
boots
2%
boring
2%
brakes
2%
buses
2%
cigarettes
2%
concrete
2%
damp
2%
drill
2%
ducks
2%
eating
2%
flat
2%
freezing
2%
holidays
2%
lamp
2%
Mondays
2%
Paint-
2%
Pissing
2%
pneumatic
2%
rumble
2%
screech
2%
slashed
2%
smash
2%
smoking
2%
sticky
2%
summer's
2%
tarmac
2%
travelling
2%
wailing
2%
windows
2%
yard
2%
amateur
1%
breathing
1%
cab
1%
Feeding
1%
graffiti
1%
nearby
1%
Opening
1%
perfume
1%
petrol
1%
rehearsing
1%
smelling
1%
splattered
1%
tele
1%
warm
1%
amongst
0%
Cuddling
0%
stale
0%
No matching quizzes found
Score Distribution
Percent of People with Each Score
Percentile by Number Answered
Your Score History
You have not taken this quiz